000 00624cas a22002055a 4500
001 L138367
008 070601d19211930xxkmr p 0 a0eng u
035 _a(Sirsi) u138367
041 0 _aeng
110 2 _aSurveyors' Institution
_93783
245 0 4 _aThe Journal of the Surveyors' Institution
260 _aLondon
_bSurveyors' Institution
_c1921-1930
362 0 _aLondon: 1(1) July 1921-9(12) June 1930
362 0 _aEdinburgh: 1(1) July 1921-9(12) June 1930
554 _a12 per year
651 4 _aUNITED KINGDOM
690 _aABOUT RICS
785 0 0 _tJournal of the Chartered Surveyors' Institution
942 _n0
999 _c118976
_d118976